000 00823cab a2200289 4500
001 WB3225-35
008 090401t1996 xxu||||| |||| 00| 0 eng d
035 _a(Sirsi) u40121
041 _aeng
245 _aCash boost for farming woodlands
260 _c1996
350 _a0
490 _aHerald
_v25 June 1996, 29(1)
520 _aNew fund will pay towards the cost of improving the condition of under-managed woodlands in Scotland, and help owners to market their timber.
650 _aCENTRAL SCOTLAND COUNTRYSIDE TRUST
650 _aFORESTRY MANAGEMENT
650 _aFUNDING
650 _aGRANT AID
650 _aMARKETING
650 _aTIMBER
650 _aWOODLAND MANAGEMENT
650 _aWOODLOTS
690 _aCONSERVATION
690 _aRURAL PRACTICE
942 _n0
948 _c04/03/1997
999 _c25698
_d25698